000 00663nam a22002297a 4500
003 UA-OsUOA
001 33936
007 ta
008 20050919b un ||||| |||| 00| 0 ukr d
100 _aТанюк Л.
090 _a012
_bТ18
942 _cBK
040 _aUA-OsUOA
_bukr
_cUA-OsUOA
_dUA-OsUOA
245 _a"Вітру не буде - треба гребти руками"
_bБібліографічний нарис
300 _a147 с.
955 _a2
041 _aukr
080 _a012
260 _aК.
_bАльтерпрес
_c2003
650 7 _a01 Бібліографія і бібліографії. Каталоги
_2UDC
999 _c320372
_d320372